000 00245nam a2200109Ia 4500
008 190216s9999||||xx |||||||||||||| ||und||
100 _aAbit Sarti
245 0 _aHindi-Saanp Kate Ka Mantar
260 _bKalpataru
650 _aHindi
942 _cBK
999 _c15503
_d15503